Countries & Capitals of Africa - Statistics

General Stats
  • This quiz has been taken 172 times
  • The average score is 89 of 108
Answer Stats
Continent Country/Capital % Correct
Africa Angola
96%
Africa Botswana
96%
Africa Democratic Republic of the Congo
96%
Africa Djibouti
96%
Africa Algeria
94%
Africa Burundi
94%
Africa Cameroon
94%
Africa Central African Republic
94%
Africa Chad
94%
Africa Egypt
94%
Africa Kenya
94%
Africa Libya
94%
Africa Republic of the Congo
94%
Africa Rwanda
94%
Africa Somalia
94%
Africa South Sudan
94%
Africa Sudan
94%
Africa Zambia
94%
Africa Zimbabwe
94%
Africa Cairo
92%
Africa Comoros
92%
Africa Eritrea
92%
Africa Ethiopia
92%
Africa Guinea
92%
Africa Madagascar
92%
Africa Mali
92%
Africa Mauritania
92%
Africa Morocco
92%
Africa Namibia
92%
Africa Niger
92%
Africa Nigeria
92%
Africa Senegal
92%
Africa South Africa
92%
Africa Tunisia
92%
Africa Uganda
92%
Africa Algiers
90%
Africa Benin
90%
Africa Equatorial Guinea
90%
Africa Eswatini
90%
Africa Gabon
90%
Africa Gambia
90%
Africa Guinea-Bissau
90%
Africa Lesotho
90%
Africa Mauritius
90%
Africa Seychelles
90%
Africa Sierra Leone
90%
Africa Tanzania
90%
Africa Tunis
90%
Africa Cape Verde
88%
Africa Ghana
88%
Africa Malawi
88%
Africa Mozambique
88%
Africa Togo
88%
Africa Burkina Faso
85%
Africa Liberia
85%
Africa Ivory Coast
83%
Africa Khartoum
83%
Africa Kinshasa
83%
Africa São Tomé
83%
Africa São Tomé and Príncipe
83%
Africa Addis Ababa
81%
Africa Nairobi
81%
Africa Pretoria
81%
Africa Tripoli
81%
Africa Abuja
79%
Africa Antananarivo
79%
Africa Bissau
79%
Africa Brazzaville
79%
Africa Rabat
79%
Africa Dakar
77%
Africa Freetown
77%
Africa Luanda
77%
Africa Yaoundé
77%
Africa Bangui
75%
Africa Mogadishu
75%
Africa Juba
73%
Africa Libreville
73%
Africa Lomé
73%
Africa Maputo
73%
Africa Accra
71%
Africa Asmara
71%
Africa Bamako
71%
Africa Dodoma
71%
Africa Gaborone
71%
Africa Gitega
71%
Africa Kigali
71%
Africa N'Djamena
71%
Africa Nouakchott
71%
Africa Ouagadougou
71%
Africa Praia
71%
Africa Victoria
71%
Africa Conakry
69%
Africa Harare
69%
Africa Lilongwe
69%
Africa Moroni
69%
Africa Windhoek
69%
Africa Banjul
67%
Africa Kampala
67%
Africa Monrovia
67%
Africa Niamey
67%
Africa Port Louis
67%
Africa Lusaka
65%
Africa Porto-Novo
65%
Africa Malabo
63%
Africa Maseru
63%
Africa Yamoussoukro
63%
Africa Mbabane
60%
No matching quizzes found
Score Distribution
Percent of People with Each Score
Percentile by Number Answered
Your Score History
You have not taken this quiz